[Event "AUTO-OPEN-564"]
[Site "http://www.queenalice.com/game.php?id=171243"]
[Date "2007.2.20"]
[Round "1"]
[White "snowflakes"]
[Black "jared"]
[Result "1/2-1/2"]
[WhiteElo "1709"]
[BlackElo "1722"]

1. d4 Nf6 2. Bf4 e6 3. Nf3 b6 4. e3 Bb7 5. Be2 d5 6. Ne5 Bd6 7. Nc3 Bxe5 8. Bxe5
Nbd7 9. Bg3 O-O 10. Bd3 c5 11. dxc5 Nxc5 12. Nb5 Nxd3+ 13. Qxd3 Qd7 14. O-O Ba6
15. a4 Bxb5 16. axb5 Ne4 17. c4 Nxg3 18. hxg3 Rfd8 19. Rfd1 Rac8 20. b3 Rc7 21.
f3 dxc4 22. Qxd7 Rcxd7 23. Rxd7 Rxd7 24. bxc4 g6 25. Kf1 Kg7 26. Ke2 f5 27. Rd1
Rxd1 28. Kxd1 Kf6 29. f4 e5 30. Kc2 g5 31. Kd3 g4 32. e4 Ke6 33. Ke3 Kf6 34.
fxe5+ Kxe5 35. exf5 Kxf5 36. Kd4 h5 37. c5 bxc5+ 38. Kxc5 Ke4 39. Kc6 Ke3 40.
Kb7 Kf2 41. Kxa7 Kxg2 42. b6 Kxg3 43. b7 h4 44. b8=Q+ Kh3 45. Qb3+ g3 46. Qe6+
Kh2 47. Qe2+ g2 48. Kb6 h3 49. Kc5 Kh1 50. Qf3 Kh2 51. Qf2 Kh1 52. Qf3 Kh2 53.
Qf2 Kh1 54. Qf3 1/2-1/2

[Event "AUTO-OPEN-564"]
[Site "http://www.queenalice.com/game.php?id=171244"]
[Date "2007.2.20"]
[Round "1"]
[White "jared"]
[Black "snowflakes"]
[Result "1/2-1/2"]
[WhiteElo "1721"]
[BlackElo "1718"]

1. d4 d5 2. c4 Nf6 3. cxd5 Qxd5 4. e3 g6 5. Nc3 Qf5 6. Bd3 Qg5 7. g3 Qg4 8. Qxg4
Bxg4 9. Bd2 Bg7 10. Ne4 O-O 11. Nxf6+ Bxf6 12. Be2 Bxe2 13. Nxe2 Nc6 14. Rc1
Rac8 15. O-O a6 16. e4 Nxd4 17. Nxd4 Bxd4 18. Bc3 c5 19. Rfd1 e5 20. Kg2 f5 21.
exf5 Rxf5 22. Bxd4 exd4 23. b4 b6 24. Re1 Kf7 25. a3 c4 26. Re4 Rd5 27. Kf3 c3
28. Ke2 d3+ 29. Kd1 d2 30. Rc2 g5 31. Re3 a5 32. Rexc3 Rxc3 33. Rxc3 Rf5 34. f3
Rd5 35. Rc2 Rd3 36. bxa5 bxa5 37. Rxd2 Rxa3 38. Ke2 Ra1 39. Ke3 Re1+ 40. Kf2 Re7
41. Ra2 Ra7 42. Ra4 Ke6 43. g4 Kd5 44. Kg3 Kc5 45. h4 h6 46. hxg5 hxg5 47. f4
gxf4+ 48. Kxf4 Kb5 49. Ra1 a4 50. g5 Kb4 51. g6 Kb3 52. Rg1 1/2-1/2

[Event "AUTO-OPEN-564"]
[Site "http://www.queenalice.com/game.php?id=171245"]
[Date "2007.2.20"]
[Round "1"]
[White "snowflakes"]
[Black "Random314"]
[Result "0-1"]
[WhiteElo "1762"]
[BlackElo "1393"]

1. e4 e5 2. Bc4 Nf6 3. Nf3 Bd6 4. Ng5 O-O 5. Nc3 Nc6 6. d3 Nd4 7. O-O Bb4 8. Nd5
c5 9. c3 b5 10. Nxf6+ Qxf6 11. Bd5 Rb8 12. cxb4 Ne6 13. Bxe6 dxe6 14. bxc5 Bd7
15. Be3 a5 16. a3 a4 17. b4 h6 18. Nf3 g5 19. h3 h5 20. Nh2 g4 21. hxg4 h4 22.
g5 Qg6 23. Qe1 f5 24. Nf3 Qh5 25. Kh2 h3 26. gxh3 Kg7 27. Nd2 Rh8 28. h4 Qxh4+
0-1

[Event "AUTO-OPEN-564"]
[Site "http://www.queenalice.com/game.php?id=171246"]
[Date "2007.2.20"]
[Round "1"]
[White "Random314"]
[Black "snowflakes"]
[Result "1-0"]
[WhiteElo "1291"]
[BlackElo "1782"]

1. e4 e5 2. Bc4 Nf6 3. d3 Bc5 4. Nf3 Ng4 5. d4 exd4 6. Ng5 Ne5 7. b3 Nxc4 8.
bxc4 Qf6 9. O-O O-O 10. Qd3 Nc6 11. e5 Nxe5 12. Qxh7# 1-0

[Event "AUTO-INT-139"]
[Site "http://www.queenalice.com/game.php?id=180704"]
[Date "2007.3.12"]
[Round "2"]
[White "tolley"]
[Black "snowflakes"]
[Result "1-0"]
[WhiteElo "1881"]
[BlackElo "1718"]

1. e4 d6 2. d4 Nf6 3. Nc3 g6 4. e5 dxe5 5. dxe5 Qxd1+ 6. Nxd1 Nfd7 7. f4 e6 8.
Bd2 Bg7 9. Nf3 O-O 10. Nf2 b6 11. O-O-O Bb7 12. Rg1 a5 13. Be2 Nc6 14. Bc3 Nc5
15. g4 Nb4 16. Kb1 Ne4 17. Nxe4 Bxe4 18. Bxb4 axb4 19. Rd4 c5 20. Rxe4 Ra5 21.
Nd2 Rfa8 22. Bc4 b5 23. Nb3 bxc4 24. Nxa5 Rxa5 25. Rxc4 Bf8 26. Rd1 Ra7 27. Rd8
Kg7 28. c3 h6 29. cxb4 cxb4 30. Rcc8 f5 31. gxf5 gxf5 32. Rxf8 Kg6 33. Rf6+ Kh5
34. Rxe6 Rg7 35. Rb6 Rg1+ 36. Rc1 Rg2 37. Re1 Rxh2 38. e6 Kg4 39. e7 Kxf4 40.
e8=Q h5 41. Rxb4+ Kg5 42. Qe6 f4 43. Rg1+ Kh4 44. Rxf4# 1-0

[Event "AUTO-INT-139"]
[Site "http://www.queenalice.com/game.php?id=180705"]
[Date "2007.3.12"]
[Round "2"]
[White "snowflakes"]
[Black "tolley"]
[Result "0-1"]
[WhiteElo "1728"]
[BlackElo "1871"]

1. d4 f5 2. Bf4 e6 3. Nf3 d5 4. e3 Bb4+ 5. c3 Bd6 6. Ne5 h5 7. Nd2 g5 8. Bxg5
Qxg5 9. f4 Qg7 10. Qe2 a6 11. Ndf3 Bd7 12. g3 Nc6 13. Nxd7 Qxd7 14. O-O-O Nf6
15. Qc2 Ne4 16. Ng5 h4 17. Nxe4 fxe4 18. Bg2 hxg3 19. hxg3 O-O-O 20. a3 Ne7 21.
g4 Rdg8 22. Rdf1 Rxh1 23. Rxh1 Rxg4 24. Qe2 Rg8 25. Rh7 Qe8 26. Kc2 Nf5 27. Bh3
Qg6 28. Qh5 Nxe3+ 29. Kb3 Qxh5 30. Bxe6+ Kb8 31. Rxh5 Rg2 32. Rh3 Bxf4 33. Rh8+
Ka7 34. Rh1 c6 35. Bc8 Nc4 36. Rb1 Bc1 37. Bxb7 Kxb7 38. Ka2 Rxb2+ 39. Rxb2+
Bxb2 40. a4 e3 0-1

[Event "AUTO-INT-139"]
[Site "http://www.queenalice.com/game.php?id=180708"]
[Date "2007.3.12"]
[Round "2"]
[White "snowflakes"]
[Black "jarac"]
[Result "0-1"]
[WhiteElo "1730"]
[BlackElo "2375"]

1. d4 Nf6 2. Bf4 d5 3. Nf3 Bf5 4. e3 e6 5. Bd3 c6 6. Bxf5 exf5 7. Nbd2 Nbd7 8.
O-O Be7 9. c4 O-O 10. h3 Re8 11. Qb3 Qb6 12. c5 Qa6 13. Qc3 Ne4 14. Nxe4 fxe4
15. Ne5 Nf8 16. b4 f6 17. Ng4 Qa4 18. Rfb1 a6 19. a3 Ng6 20. Bg3 h5 21. Nxf6+
Bxf6 22. Rf1 Rf8 23. Bd6 Be7 24. Bg3 Rf7 25. Ra2 Raf8 26. Rb2 Bh4 27. Bxh4 Nxh4
28. Ra2 Rf5 29. Qd2 Rg5 30. Kh1 Rxg2 31. Qe2 Qb3 32. Qc2 Rf3 0-1

[Event "AUTO-INT-139"]
[Site "http://www.queenalice.com/game.php?id=180709"]
[Date "2007.3.12"]
[Round "2"]
[White "jarac"]
[Black "snowflakes"]
[Result "1-0"]
[WhiteElo "2301"]
[BlackElo "1756"]

1. Nf3 Nf6 2. g3 g6 3. Bg2 Bg7 4. O-O d6 5. d4 c6 6. c4 O-O 7. Nc3 a6 8. Bg5 Be6
9. d5 cxd5 10. cxd5 Bf5 11. Nd4 Bd7 12. Qb3 a5 13. Qxb7 Na6 14. Nc6 Qc8 15.
Nxe7+ Kh8 16. Nxc8 Rfxc8 17. Bxf6 Nc5 18. Bxg7+ Kxg7 19. Qb6 1-0

[Event "AUTO-INT-629"]
[Site "http://www.queenalice.com/game.php?id=277419"]
[Date "2007.9.26"]
[Round "1"]
[White "A10"]
[Black "snowflakes"]
[Result "0-1"]
[WhiteElo "1414"]
[BlackElo "1679"]

1. e4 c5 2. Nf3 Nc6 3. Bb5 Qb6 4. Nc3 g6 5. d4 Bg7 6. dxc5 Qxc5 7. Bd2 Nf6 8.
O-O O-O 9. Be3 Qd6 10. Qxd6 exd6 11. Nd2 b6 12. Ne2 Bb7 13. c3 Ng4 14. Bf4 Be5
15. h3 Bxf4 16. Nxf4 Nf6 17. Rfe1 a6 18. Bd3 Ne5 19. Bc2 b5 20. a4 Nc4 21. Nxc4
bxc4 22. Rad1 Rfe8 23. f3 g5 24. Nd5 Kg7 25. Nc7 Re5 26. Rxd6 Rc8 27. Nd5 Nxd5
28. Rxd7 Re7 29. Rxe7 Nxe7 30. g3 Rd8 31. Rd1 Rxd1+ 32. Bxd1 Ng6 33. Kf2 Ne5 34.
b3 cxb3 35. Bxb3 Kg6 36. Ke3 Bc8 37. f4 gxf4+ 38. gxf4 Nc6 0-1

[Event "AUTO-INT-629"]
[Site "http://www.queenalice.com/game.php?id=277420"]
[Date "2007.9.26"]
[Round "1"]
[White "snowflakes"]
[Black "A10"]
[Result "1-0"]
[WhiteElo "1684"]
[BlackElo "1409"]

1. d4 d5 2. Nf3 Nc6 3. Bf4 Bg4 4. e3 a6 5. Bd3 Nf6 6. Nbd2 e6 7. c3 Bd6 8. Bxd6
Qxd6 9. Qc2 O-O 10. O-O-O e5 11. dxe5 Nxe5 12. Be2 c6 13. h3 Be6 14. Nxe5 Qxe5
15. Nf3 Qd6 16. Bd3 b5 17. Ng5 h6 18. Nxe6 Qxe6 19. g4 Rad8 20. Bf5 Qd6 21. e4
Qf4+ 22. Kb1 dxe4 23. Qc1 Qxc1+ 24. Rxc1 g6 25. Bxg6 fxg6 26. Rcd1 Nd5 27. Rhe1
Rfe8 28. Rd4 e3 29. fxe3 c5 30. Rd2 Nf6 31. Rf2 Kg7 32. Rfe2 Rd3 33. Kc2 c4 34.
b3 Re4 35. b4 Nd5 36. Kc1 Nxc3 37. Rd2 Rexe3 38. Rxe3 Rxe3 39. Rd7+ 1-0

[Event "AUTO-INT-629"]
[Site "http://www.queenalice.com/game.php?id=277433"]
[Date "2007.9.26"]
[Round "1"]
[White "A004"]
[Black "snowflakes"]
[Result "0-1"]
[WhiteElo "1401"]
[BlackElo "1707"]

1. e4 e5 2. Nf3 Nc6 3. Bb5 a6 4. Bxc6 dxc6 5. h3 Nf6 6. O-O Be7 7. Nc3 b5 8. d3
Qd6 9. b3 O-O 10. Bb2 Bb7 11. d4 exd4 12. Nxd4 Rad8 13. Nf5 Qe6 14. Qf3 Bd6 15.
Rfe1 Be5 16. Rab1 c5 17. Re3 Bxc3 18. Bxc3 Bxe4 19. Rxe4 Qxe4 20. Qxe4 Nxe4 21.
Bxg7 Rfe8 22. g4 Rd2 23. f3 Ng5 24. Bh6 Nxf3+ 25. Kf1 Rh2 26. Rc1 Ree2 0-1

[Event "AUTO-INT-629"]
[Site "http://www.queenalice.com/game.php?id=277434"]
[Date "2007.9.26"]
[Round "1"]
[White "snowflakes"]
[Black "A004"]
[Result "1-0"]
[WhiteElo "1711"]
[BlackElo "1430"]

1. d4 d5 2. Nf3 Nc6 3. Bf4 Nf6 4. e3 a6 5. Bd3 Bg4 6. Nbd2 g6 7. c3 Bg7 8. Qc2
O-O 9. h3 Bd7 10. O-O Rc8 11. Rfe1 Nh5 12. Bh2 Re8 13. e4 e6 14. e5 Bf8 15. g4
Ng7 16. Kg2 b5 17. Bf4 Na5 18. h4 c5 19. Rh1 Be7 20. Bg5 c4 21. Be2 h5 22. gxh5
Nxh5 23. Bxe7 Qxe7 24. Ng5 Nf4+ 25. Kf3 Nxe2 26. Kxe2 Kg7 27. Rag1 Rh8 28. Ndf3
b4 29. h5 Rh6 30. hxg6 Rxg6 31. Rh7+ 1-0

[Event "AUTO-INT-629"]
[Site "http://www.queenalice.com/game.php?id=277441"]
[Date "2007.9.26"]
[Round "1"]
[White "A002"]
[Black "snowflakes"]
[Result "0-1"]
[WhiteElo "1328"]
[BlackElo "1677"]

1. e4 c5 2. Nf3 d6 3. d4 cxd4 4. Nxd4 Nf6 5. Bd3 g6 6. b3 Bg7 7. Bb2 O-O 8. Nd2
Nc6 9. Nxc6 bxc6 10. Rb1 Bb7 11. O-O c5 12. h4 e6 13. Bxf6 Qxf6 14. Qg4 h5 15.
Qg3 Qe7 16. Nf3 a6 17. Ng5 Be5 18. f4 Bd4+ 19. Kh1 Kg7 20. Nf3 Bc3 21. Rf2 f5
22. Ng5 Bd4 23. Re2 Rae8 24. exf5 Qd7 25. Nxe6+ Rxe6 26. fxe6 Qe8 27. f5 Bc8 28.
Qxg6+ Qxg6 29. fxg6 Be5 30. Re3 Bxe6 31. Rf3 Re8 32. c4 a5 33. a4 Bg4 34. Re3
Rf8 35. Rf1 Rxf1+ 36. Bxf1 Bf5 37. Bd3 Bxg6 38. Bxg6 Kxg6 39. g3 Kf5 40. Kg2 Bd4
41. Re8 Be5 42. Kf3 Kg6 43. Ra8 Kf5 0-1

[Event "AUTO-INT-629"]
[Site "http://www.queenalice.com/game.php?id=277442"]
[Date "2007.9.26"]
[Round "1"]
[White "snowflakes"]
[Black "A002"]
[Result "1-0"]
[WhiteElo "1695"]
[BlackElo "1595"]

1. d4 d5 2. Nf3 Nc6 3. Bf4 Nf6 4. e3 Bg4 5. Be2 Ne4 6. Ne5 Bxe2 7. Qxe2 Nxe5 8.
dxe5 Nc5 9. Qb5+ Nd7 10. Qxb7 e6 11. Qb3 c5 12. O-O Rb8 13. Qc3 Qb6 14. b3 Be7
15. Nd2 Qc6 16. h3 O-O 17. Nf3 f6 18. exf6 Bxf6 19. Ne5 Bxe5 20. Bxe5 Nxe5 21.
Qxe5 Rf5 22. Qxb8+ 1-0

[Event "AUTO-OPEN-939"]
[Site "http://www.queenalice.com/game.php?id=322425"]
[Date "2007.12.19"]
[Round "1"]
[White "snowflakes"]
[Black "Pinha"]
[Result "0-1"]
[WhiteElo "1713"]
[BlackElo "2050"]

1. d4 Nf6 2. Nf3 Nc6 3. Bf4 d5 4. e3 Bf5 5. Bd3 Bxd3 6. Qxd3 Nh5 7. Bg3 Nxg3 8.
hxg3 e6 9. Rxh7 Nb4 10. Rxh8 Nxd3+ 11. cxd3 Qd6 12. Nc3 Qb4 13. Rb1 Rd8 14. a3
Qb3 15. Kd2 f6 16. g4 Rd6 17. Ke2 Qc2+ 18. Nd2 Rb6 19. a4 Rxb2 20. Rxb2 Qxb2 21.
Nb5 Qc2 22. a5 Kf7 23. Rh1 Bb4 24. Rd1 Bxa5 25. f3 Bb4 26. Nxa7 Qa4 27. Nc8 Ke8
28. e4 Kd7 29. e5 Kxc8 30. f4 Bxd2 31. Rxd2 Qxd4 32. exf6 gxf6 33. Kf3 b5 34.
Rd1 Kd7 35. g5 fxg5 36. fxg5 c5 37. g6 Qf6+ 0-1

[Event "AUTO-OPEN-939"]
[Site "http://www.queenalice.com/game.php?id=322426"]
[Date "2007.12.19"]
[Round "1"]
[White "Pinha"]
[Black "snowflakes"]
[Result "1-0"]
[WhiteElo "2047"]
[BlackElo "1716"]

1. e4 d6 2. d4 g6 3. Nf3 Bg7 4. Be3 Nc6 5. Nc3 Nf6 6. d5 Ne5 7. Nxe5 dxe5 8. f3
b6 9. Bb5+ Bd7 10. Qe2 Bxb5 11. Qxb5+ Nd7 12. Qc6 Rb8 13. Nb5 O-O 14. Nxa7 Nc5
15. Qb5 Qd6 16. Nc6 Ra8 17. Bxc5 Qxc5 18. Qxc5 bxc5 19. Nxe7+ Kh8 20. O-O f6 21.
a4 Rfb8 22. b3 Bh6 23. Nc6 Rf8 24. Kf2 Bg7 25. Ke2 f5 26. Kd3 Rf7 27. Rae1 fxe4+
28. Rxe4 Rf4 29. Rfe1 Rf5 30. Kc4 Bf8 31. Rxe5 Bd6 32. Rxf5 gxf5 33. Ne7 Rf8 34.
g3 Kg7 35. f4 Re8 36. Nxf5+ Kf7 37. Rxe8 Kxe8 38. Nxd6+ cxd6 39. a5 1-0

[Event "AUTO-OPEN-939"]
[Site "http://www.queenalice.com/game.php?id=322427"]
[Date "2007.12.19"]
[Round "1"]
[White "snowflakes"]
[Black "Jajer"]
[Result "0-1"]
[WhiteElo "1734"]
[BlackElo "1683"]

1. d4 g6 2. e4 Bg7 3. Nf3 d6 4. Be3 e6 5. c3 Nd7 6. Bd3 Ne7 7. Nbd2 b6 8. Qb3
O-O 9. h3 Bb7 10. g4 c5 11. dxc5 Nxc5 12. Bxc5 dxc5 13. Qc2 Bc6 14. O-O-O Qd6
15. Nc4 Qf4+ 16. Ncd2 a5 17. Kb1 e5 18. Rdf1 b5 19. g5 c4 20. Be2 f6 21. h4 f5
22. exf5 Nxf5 23. h5 e4 24. hxg6 hxg6 25. Rh3 exf3 26. Nxf3 Bxf3 27. Bxf3 Rad8
28. Qe2 Qxg5 29. Bd5+ Rxd5 30. Qe6+ Rf7 31. Qxd5 Qf6 32. Qxb5 Ne7 33. Ka1 Qe6
34. Rhh1 Nd5 35. Kb1 Qe4+ 36. Ka1 Nxc3 37. Qxa5 Nd5 38. Re1 Bxb2+ 39. Kxb2 Rb7+
40. Ka3 Qd3+ 41. Ka4 Nb6+ 42. Kb5 c3+ 43. Kc6 Qd7+ 0-1

[Event "AUTO-OPEN-939"]
[Site "http://www.queenalice.com/game.php?id=322428"]
[Date "2007.12.19"]
[Round "1"]
[White "Jajer"]
[Black "snowflakes"]
[Result "1-0"]
[WhiteElo "1517"]
[BlackElo "1700"]

1. g3 g6 2. Bg2 Bg7 3. e4 d6 4. Nf3 Nc6 5. O-O Bg4 6. h3 Bd7 7. Nc3 Nf6 8. d4
O-O 9. Be3 e5 10. d5 Ne7 11. b3 c6 12. Bg5 h6 13. Bxf6 Bxf6 14. Qd2 Kh7 15. dxc6
Bxc6 16. a4 Rh8 17. Ne2 Bd7 18. Qd3 Bc6 19. b4 a6 20. b5 axb5 21. axb5 Bd7 22.
Qxd6 Bxb5 23. Qxf6 Qf8 24. Rxa8 Qxa8 25. Qxf7# 1-0

[Event "AUTO-OPEN-939"]
[Site "http://www.queenalice.com/game.php?id=322429"]
[Date "2007.12.19"]
[Round "1"]
[White "snowflakes"]
[Black "josecastroman"]
[Result "0-1"]
[WhiteElo "1708"]
[BlackElo "1916"]

1. d4 d5 2. Nf3 Nc6 3. Bf4 Nf6 4. e3 a6 5. c3 Bg4 6. Be2 e6 7. Ne5 Bxe2 8. Qxe2
Bd6 9. Nd2 Bxe5 10. dxe5 Nd7 11. Nf3 h6 12. h3 Qe7 13. Nd4 Ncxe5 14. O-O g5 15.
Bh2 O-O-O 16. b3 f5 17. a4 h5 18. f4 g4 19. Bg3 gxh3 20. gxh3 h4 21. Be1 Rdg8+
22. Kh2 Nf7 0-1

[Event "AUTO-OPEN-939"]
[Site "http://www.queenalice.com/game.php?id=322430"]
[Date "2007.12.19"]
[Round "1"]
[White "josecastroman"]
[Black "snowflakes"]
[Result "1-0"]
[WhiteElo "1908"]
[BlackElo "1716"]

1. e4 d6 2. Nf3 g6 3. Bc4 Bg7 4. d4 Nc6 5. Nc3 Nf6 6. Bg5 O-O 7. Qd2 Bg4 8. h3
Bxf3 9. gxf3 h6 10. Be3 a6 11. O-O-O b5 12. Bd5 Qd7 13. Bxh6 Nxd5 14. Bxg7 Kxg7
15. exd5 Na5 16. Rdg1 Rh8 17. h4 Rag8 18. h5 Kf8 19. hxg6 Rxh1 20. Rxh1 fxg6 21.
Rh7 Qf5 22. Qe3 1-0